Combattants UFC avec le plus de KO/TKO - Statistiques

Statistiques générales
  • Ce quiz a été pris 169 fois
  • Le résultat moyen est 3 sur 11
Statistiques - réponses
1 Réponse % Correct
15 Derrick Lewis
71%
10 Dustin Poirier
70%
11 Max Holloway
66%
11 Anderson Silva
52%
11 Anthony Johnson
26%
10 Cain Velasquez
13%
10 Donald Cerrone
12%
10 Chuck Liddell
8%
12 Vitor Belfort
7%
13 Matt Brown
6%
10 Thiago Santos
0%
Aucun quiz correspondant
Distribution des résultats
% des personnes avec chaque résultat
Percentile par nombre de réponses
Votre historique - résultats
Vous n’avez pas pris ce quiz